000 00689nam a2200241Ia 4500
003 OSt
005 20221007110620.0
006 a|||||r|||| 00| 0
007 ta
008 221006b |||||||| |||| 00| 0 eng d
024 _a21,453
037 _cTextual
040 _aLCO
_cLCO
_beng
041 _2eng
_aeng
082 _aX(Z,5W):95, L4
100 _aRamakrishna P.V.
_9397886
245 0 _aGuide to Departmental Enquiries against Government Servants
260 _aHyderabad
_bAndhra Law Times India
_c1974
300 _a330+viii
650 _aDEPARTMENTAL ENQUIRIES
_9707721
942 _hX(Z,5W):95, L4
_cTEXL
999 _c1191016
_d1191016